00901nam a2200217 a 450000100100000000500170001000800410002704000250006808200200009310000780011324500520019126000980024330000280034150400740036960000510044365000280049465100170052204900090053995201180054899900170066600001926520260211085656.0100531s1966 ve a 000 0 spa d aDO-SdBNPbspacBNPHU a923.7983bP949a1 aPrieto F., Luis B.,d1902-1993q(Luis Beltrán Prieto Figueroa), 98378710aAndrés Bello :beducador /cLuis B. Prieto F. aCacaracas :bEdiciones de la Dirección de Imprenta y Públicaciones del Congreso Nacional. a221 p. :bil. ;c19 cm. aIncluye referencias bibliográficas y notas al pie de las páginas. aBELLO, ANDRÉS,d1781-1865xBIOGRAFÍA96767 0aPersonal docente916852 4aChile941446 aBNGR 001050718MOaGRbGRcHDd2010-05-31iLF1l0o923.7983 P949ap19265-10r2020-06-25w2020-06-25y1ZNo se presta c18783d18783